Loading...
| Fine Arts - Classical Music | 1 | 0.00 | 0% | 0% | 0% |
| Fine Arts - Other | 2 | 10.00 | 0% | 400% | 300% |
| Fine Arts - Painting & Sculpture | 2 | 5.00 | 3,200% | 0% | 0% |
| History - American | 3 | 3.33 | 0% | 0% | 267% |
| History - European | 1 | 20.00 | 4,900% | 700% | 0% |
| History - Other | 3 | 13.33 | 1,633% | 733% | 0% |
| History - World | 1 | 0.00 | 0% | 0% | 0% |
| Literature - American | 2 | 5.00 | 2,450% | 0% | 0% |
| Literature - British | 1 | 10.00 | 4,900% | 0% | 0% |
| Literature - European | 2 | 5.00 | 0% | 400% | 0% |
| Literature - World | 2 | 10.00 | 4,050% | 400% | 0% |
| Mythology | 1 | 10.00 | 0% | 0% | 700% |
| Other | 3 | 6.67 | 2,700% | 0% | 233% |
| Philosophy | 1 | 0.00 | 0% | 0% | 0% |
| Religion | 3 | 10.00 | 0% | 567% | 267% |
| Science - Biology | 1 | 10.00 | 0% | 600% | 0% |
| Science - Chemistry | 1 | 10.00 | 8,100% | 0% | 0% |
| Science - Other | 2 | 15.00 | 2,450% | 700% | 0% |
| Science - Physics | 2 | 5.00 | 4,050% | 0% | 0% |
| Social Science | 2 | 10.00 | 3,200% | 350% | 0% |